00000000nam 2200000zi 4500
0019.945377
003CaOODSP
00520241120140910
006m     o  d f      
007cr bn|||||||||
008241120e19830831oncad   ob   f000 0 eng d
040 |aCaOODSP|beng|erda|cCaOODSP
043 |an-cn---
0861 |aCo24-3/1-83-043E-PDF
1101 |aPhilip A. Lapp Ltd.|eauthor.|econsultant.
24510|aFinal report on the subjective evaluation of impaired television pictures and statistical analysis of the results / |cauthor: Philip A. Lapp Limited.
264 1|aOttawa, Canada : |bDepartment of Communications, Space Program, |cAugust 31, 1983.
300 |a1 online resource (1 volume (various pagings)) : |billustrations, graphs.
336 |atext|btxt|2rdacontent
337 |acomputer|bc|2rdamedia
338 |aonline resource|bcr|2rdacarrier
4901 |aDOC contractor report ; |vDOC-CR-SP-83-043
500 |a"Unclassified."
500 |a"Department of Supply and Services Contract no: OST - 83 - 00009."
500 |aDigitized copy from print [produced by Innovation, Science and Economic Development Canada].
504 |aIncludes bibliographical references.
650 0|aTelecommunication|zCanada|vStatistics.
650 0|aTelevision broadcasting|xGovernment policy|zCanada.
650 6|aTélévision|xPolitique gouvernementale|zCanada.
7101 |aCanada. |bDepartment of Communications. |bSpace Program, |eissuing body.
830#0|aDOC contractor report (Canada. Department of Communications)|vDOC-CR-SP-83-043.|w(CaOODSP)9.869864
85640|qPDF|s6.48 MB|uhttps://publications.gc.ca/collections/collection_2024/isde-ised/Co24-3-1-83-043-eng.pdf